000 00529nam a22001817a 4500
005 20220616101334.0
008 220616b ||||| |||| 00| 0 eng d
040 _cAL
041 _aEnglish
082 _223
_a951.5
_bTIBT
100 _aTibetan Womens Association
_943183
245 _aTibetan Womens Association:Current Perspectives
260 _aDharamsala
_bTibetan Womens Association
_c1959
300 _a16 p.
_bPB
_c21x14 cm.
650 _aTibet
_943184
700 _aTIBETAN WOMENS ASSOCIATION
_943185
942 _2ddc
_cGF
999 _c223390
_d223390